[Event "Titled Tuesday intern op 15th June"]
[Site "Chess.com INT"]
[Date "2021.06.15"]
[Round "9"]
[White "Porter, Ryan W"]
[Black "Zhukov, Anton"]
[Result "0-1"]
[WhiteElo "2241"]
[BlackElo "2174"]
[PlyCount "98"]
[EventDate "2021.06.15"]
[EventType "swiss (blitz)"]
[EventRounds "11"]
[EventCountry "USA"]
[SourceTitle "CBM 203 Extra"]
[Source "ChessBase"]
[SourceDate "2021.09.30"]
[SourceVersion "1"]
[SourceVersionDate "2021.09.30"]
[SourceQuality "1"]

1. c4 Nf6 2. Nf3 g6 3. d4 Bg7 4. g3 0-0 5. Bg2 d6 6. Nc3 Nbd7 7. 0-0 e5 8. e4 exd4 9. Nxd4 Re8 10. h3 a6 11. Qc2 Rb8 12. Rd1 Ne5 13. c5 Qe7 14. cxd6 cxd6 15. f4 Nc6 16. Be3 Nxd4 17. Bxd4 Be6 18. Kh2 b5 19. Qd2 b4 20. Nd5 Bxd5 21. exd5 Nd7 22. Re1 Qf8 23. Bf3 Bxd4 24. Qxd4 Nc5 25. Kg2 f5 26. Kf2 a5 27. Rxe8 Rxe8 28. Re1 Rxe1 29. Kxe1 Qe7+ 30. Kf2 Qg7 31. Ke3 Qe7+ 32. Kf2 h6 33. h4 g5 34. hxg5 hxg5 35. Qe3 Qxe3+ 36. Kxe3 g4 37. Bd1 Ne4 38. Bxg4 Nxg3 39. Kf3 Ne4 40. Bxf5 Nc5 41. Bc2 Kg7 42. Ke3 Kf6 43. Kd4 Na6 44. Kc4 Nc7 45. Be4 Ke7 46. Kb3 Na6 47. Bf3 Nc5+ 48. Kc4 Na4 49. b3 Nc3 0-1

[Event "Titled Tuesday intern op 08th June"]
[Site "Chess.com INT"]
[Date "2021.06.08"]
[Round "1"]
[White "Porter, Ryan W"]
[Black "Avila Pavas, Santiago"]
[Result "0-1"]
[WhiteElo "2241"]
[BlackElo "2373"]
[PlyCount "60"]
[EventDate "2021.06.08"]
[EventType "swiss (blitz)"]
[EventRounds "11"]
[EventCountry "USA"]
[SourceTitle "CBM 202 Extra"]
[Source "ChessBase"]
[SourceDate "2021.07.31"]
[SourceVersion "1"]
[SourceVersionDate "2021.07.31"]
[SourceQuality "1"]

1. c4 e6 2. Nf3 d5 3. e3 Nf6 4. Nc3 b6 5. b3 Bb7 6. Bb2 Nbd7 7. cxd5 exd5 8. d4 Bd6 9. Bd3 0-0 10. 0-0 a6 11. Rc1 Qe7 12. Ne2 Ne4 13. Qc2 Rac8 14. Ng3 f5 15. Ne2 Rf6 16. Nf4 Rh6 17. Qe2 g5 18. Nxd5 Bxd5 19. Bxa6 Rf8 20. Bc4 c6 21. Bxd5+ cxd5 22. g3 f4 23. exf4 gxf4 24. Rc6 Qe6 25. Ne5 Qh3 26. Qg4+ Qxg4 27. Nxg4 Rg6 28. f3 fxg3 29. fxe4 gxh2+ 30. Kg2 Rxg4+ 0-1

[Event "Titled Tuesday intern op 18th May"]
[Site "Chess.com INT"]
[Date "2021.05.18"]
[Round "1"]
[White "Visakh, Narayanan Rajeswari"]
[Black "Porter, Ryan W"]
[Result "1-0"]
[WhiteElo "2516"]
[BlackElo "2241"]
[PlyCount "33"]
[EventDate "2021.05.18"]
[EventType "swiss (blitz)"]
[EventRounds "11"]
[EventCountry "USA"]
[SourceTitle "CBM 202 Extra"]
[Source "ChessBase"]
[SourceDate "2021.07.31"]
[SourceVersion "1"]
[SourceVersionDate "2021.07.31"]
[SourceQuality "1"]

1. e4 d6 2. d4 Nf6 3. Nc3 g6 4. g3 Bg7 5. Bg2 0-0 6. Nge2 e5 7. 0-0 exd4 8. Nxd4 Re8 9. Re1 Bd7 10. h3 Nc6 11. Be3 a6 12. Kh2 b5 13. Nxc6 Bxc6 14. e5 Bxg2 15. exf6 Qxf6 16. Kxg2 b4 17. Nd5 1-0

[Event "Titled Tuesday intern op 11th May"]
[Site "Chess.com INT"]
[Date "2021.05.11"]
[Round "2"]
[White "Porter, Ryan W"]
[Black "Cramling Bellon, Anna"]
[Result "1-0"]
[WhiteElo "2241"]
[BlackElo "2035"]
[PlyCount "99"]
[EventDate "2021.05.11"]
[EventType "swiss (blitz)"]
[EventRounds "11"]
[EventCountry "USA"]
[SourceTitle "CBM 202 Extra"]
[Source "ChessBase"]
[SourceDate "2021.07.31"]
[SourceVersion "1"]
[SourceVersionDate "2021.07.31"]
[SourceQuality "1"]

1. c4 c5 2. Nf3 Nc6 3. Nc3 e5 4. e3 Nf6 5. d4 cxd4 6. exd4 e4 7. Ne5 Bb4 8. Be2 Qe7 9. Nxc6 bxc6 10. Bd2 0-0 11. 0-0 d5 12. cxd5 cxd5 13. a3 Bd6 14. Nb5 a5 15. Nxd6 Qxd6 16. b4 Qb6 17. Bc3 a4 18. Rc1 Be6 19. Bb2 Rfc8 20. Rxc8+ Rxc8 21. Qxa4 h6 22. Qb5 Qd6 23. Rc1 Rxc1+ 24. Bxc1 Bg4 25. Bf1 Kh7 26. Qc5 Qxc5 27. bxc5 Ne8 28. Bf4 Bd7 29. Ba6 g5 30. Be5 f6 31. Bb8 Ng7 32. Bb7 Ne6 33. c6 Be8 34. c7 Nxc7 35. Bxc7 Bd7 36. Kf1 f5 37. g3 Kg6 38. Be5 Be6 39. Bc6 Kf7 40. a4 Ke7 41. a5 Bc8 42. Bb5 Bb7 43. Ke2 Ke6 44. h4 gxh4 45. gxh4 h5 46. Be8 Ke7 47. Bxh5 Ke6 48. Ke3 Ba6 49. Be2 Bc8 50. a6 1-0

[Event "Titled Tuesday intern op 04th May"]
[Site "Chess.com INT"]
[Date "2021.05.04"]
[Round "4"]
[White "Juhasz, Agoston Botond"]
[Black "Porter, Ryan W"]
[Result "0-1"]
[WhiteElo "2362"]
[BlackElo "2241"]
[PlyCount "58"]
[EventDate "2021.05.04"]
[EventType "swiss (blitz)"]
[EventRounds "11"]
[EventCountry "USA"]
[SourceTitle "CBM 202 Extra"]
[Source "ChessBase"]
[SourceDate "2021.07.31"]
[SourceVersion "1"]
[SourceVersionDate "2021.07.31"]
[SourceQuality "1"]

1. e4 d6 2. d4 Nf6 3. Nc3 g6 4. g3 Bg7 5. Bg2 0-0 6. Nge2 e5 7. 0-0 exd4 8. Nxd4 Re8 9. h3 Bd7 10. Re1 Nc6 11. Be3 Nxd4 12. Bxd4 c5 13. Be3 Bc6 14. Bg5 h6 15. Bf4 Re6 16. Nd5 Nxd5 17. exd5 Rxe1+ 18. Qxe1 Bb5 19. Qd2 g5 20. Be3 b6 21. Re1 Bd7 22. c3 Qf6 23. Kh2 Re8 24. Qd1 Qf5 25. Qf3 Be5 26. Qxf5 Bxf5 27. Bd2 Kf8 28. Be4 Bxe4 29. f4 Bf6 0-1